Bác Hồ Viết di chúc Hồi ký
Spremljeno u:
| Glavni autor: | |
|---|---|
| Daljnji autori: | |
| Format: | Knjiga |
| Jezik: | Vietnamese |
| Izdano: |
Hà Nội
Chính trị Quốc gia - Sự thật
2009
|
| Teme: | |
| Oznake: |
Dodaj oznaku
Bez oznaka, Budi prvi tko označuje ovaj zapis!
|
| Thư viện lưu trữ: | Trung tâm Học liệu Lê Vũ Hùng, Trường Đại học Đồng Tháp |
|---|
| LEADER | 00798aam a22002418a 4500 | ||
|---|---|---|---|
| 001 | 00040784 | ||
| 005 | 20180122140112.0 | ||
| 008 | 120403s2007 ||||||viesd | ||
| 020 | # | # | |c 16000 |
| 041 | 0 | # | |a vie |
| 082 | 1 | 4 | |a 959.704 092 |b B101H |
| 100 | 1 | # | |a Vũ, Kỳ |
| 245 | 1 | 0 | |a Bác Hồ Viết di chúc |b Hồi ký |c Vũ Kỳ; Thế Kỷ (ghi) |
| 260 | # | # | |a Hà Nội |b Chính trị Quốc gia - Sự thật |c 2009 |
| 300 | # | # | |a 123tr. |c 21 cm. |
| 653 | # | # | |a Di chúc |
| 653 | # | # | |a Hồ Chí Minh |
| 653 | # | # | |a Hồi ký |
| 653 | # | # | |a Việt Nam |
| 700 | 1 | # | |a Thế Kỷ |e (ghi) |
| 852 | # | # | |j KD.0023195 |j KM.0024093 |j KM.0024605 |j KM.0024918 |j KM.0024924 |
| 910 | |d 22/01/2018 | ||
| 980 | # | # | |a Trung tâm Học liệu Lê Vũ Hùng, Trường Đại học Đồng Tháp |